[Event "CAN-op"]
[Site "Quebec CAN"]
[Date "2018.07.07"]
[Round "1.16"]
[White "Zhao, Jim"]
[Black "Hay, Jonathan"]
[Result "0-1"]
[WhiteElo "2169"]
[BlackElo "1772"]
[PlyCount "88"]
[EventDate "2018.07.07"]
[EventType "swiss"]
[EventRounds "9"]
[EventCountry "CAN"]

1. d4 c6 2. c4 d5 3. Qc2 Nf6 4. Nf3 dxc4 5. Qxc4 Bf5 6. g3 e6 7. Bg2 Nbd7 8.
O-O Nb6 9. Qb3 Qd5 10. Nbd2 Qxb3 11. Nxb3 a5 12. Bd2 Nc4 13. Rfc1 Nxd2 14.
Nfxd2 Nd7 15. e4 Bg6 16. d5 c5 17. a4 b6 18. Bh3 exd5 19. exd5 O-O-O 20. Nd4
Kc7 21. Nb5+ Kb7 22. Nc4 Be7 23. d6 Bf6 24. Bg2+ Ka6 25. Rd1 Ne5 26. Nc7+ Ka7
27. Na3 Nd3 28. Nab5+ Kb8 29. Bc6 Nb4 30. Bg2 Bxb2 31. Ra2 Nxa2 32. Na6+ Kc8
33. Bc6 Rd7 34. Rd2 Nb4 35. Nxb4 axb4 36. Rxb2 Bd3 37. Ra2 Rhd8 38. a5 Bxb5 39.
Bxb5 Ra7 40. d7+ Rdxd7 41. Bxd7+ Kxd7 42. Rd2+ Kc6 43. axb6 Rd7 44. Re2 Kxb6
0-1

[Event "CAN-op"]
[Site "Quebec CAN"]
[Date "2018.07.07"]
[Round "1.17"]
[White "Mercure, Gilbert"]
[Black "Tomb, Maroun"]
[Result "0-1"]
[WhiteElo "1760"]
[BlackElo "2152"]
[PlyCount "62"]
[EventDate "2018.07.07"]
[EventType "swiss"]
[EventRounds "9"]
[EventCountry "CAN"]

1. e4 d6 2. d4 Nf6 3. Nc3 e5 4. Bg5 Nbd7 5. dxe5 dxe5 6. Nf3 c6 7. Bc4 Bc5 8.
Bxf6 Qxf6 9. Qd2 h6 10. Na4 Be7 11. Bb3 O-O 12. h4 b5 13. Nc3 Nc5 14. Qe3 a5
15. a4 b4 16. Ne2 Rd8 17. Bc4 Be6 18. Bxe6 Nxe6 19. g4 Bc5 20. Qb3 Qg6 21. Ng3
Qxg4 22. Nxe5 Bxf2+ 23. Kxf2 Qf4+ 24. Nf3 Rd2+ 25. Ke1 Nd4 26. Nxd2 Nxb3 27.
Nxb3 Qxg3+ 28. Kf1 Qf3+ 29. Kg1 Re8 30. Re1 Re6 31. Kh2 Rg6 0-1

[Event "CAN-op"]
[Site "Quebec CAN"]
[Date "2018.07.07"]
[Round "1.18"]
[White "Dukic, Zachary"]
[Black "Bluteau, Yvon"]
[Result "1-0"]
[WhiteElo "2118"]
[BlackElo "1758"]
[PlyCount "43"]
[EventDate "2018.07.07"]
[EventType "swiss"]
[EventRounds "9"]
[EventCountry "CAN"]

1. e4 d5 2. exd5 Nf6 3. d4 Qxd5 4. Nf3 g6 5. c4 Qd8 6. Nc3 Bg7 7. Be2 O-O 8.
O-O c6 9. Be3 Nbd7 10. h3 Nb6 11. a4 a5 12. Qb3 h6 13. Rfd1 Nbd7 14. Rac1 g5
15. Ne5 Qc7 16. f4 Nh7 17. Rf1 Nxe5 18. dxe5 Be6 19. Nd5 Bxd5 20. cxd5 gxf4 21.
Bxf4 Bxe5 22. Qg3+ 1-0

[Event "CAN-op"]
[Site "Quebec CAN"]
[Date "2018.07.07"]
[Round "1.19"]
[White "Chevalier, Francois"]
[Black "Tanaka, Tyler"]
[Result "1-0"]
[WhiteElo "1720"]
[BlackElo "2054"]
[PlyCount "87"]
[EventDate "2018.07.07"]
[EventType "swiss"]
[EventRounds "9"]
[EventCountry "CAN"]

1. d4 Nf6 2. Nf3 g6 3. Bg5 Bg7 4. Nbd2 d6 5. c3 O-O 6. e4 c5 7. Be2 b6 8. O-O
Bb7 9. Qc2 Qc7 10. d5 e6 11. c4 e5 12. Ne1 Nbd7 13. Nd3 h6 14. Bh4 Nh7 15. Rab1
f5 16. f3 f4 17. b4 h5 18. bxc5 Nxc5 19. Nxc5 dxc5 20. a4 Bc8 21. Rfd1 g5 22.
Bf2 Qe7 23. Ra1 g4 24. a5 Qg5 25. axb6 g3 26. Bxc5 Qh4 27. Nf1 Rf6 28. Be7
gxh2+ 29. Nxh2 Ng5 30. Bxf6 Bxf6 31. Bf1 Qg3 32. Kh1 h4 33. bxa7 h3 34. Qe2 Qh4
35. Rd2 Kf7 36. Qf2 hxg2+ 37. Bxg2 Qh5 38. Rb1 Bh3 39. Rb8 Bxg2+ 40. Kxg2 Nh3
41. Qb6 Qg5+ 42. Ng4 Be7 43. Qe6+ Kg7 44. Rxa8 1-0

[Event "CAN-op"]
[Site "Quebec CAN"]
[Date "2018.07.07"]
[Round "1.20"]
[White "Drolet, Stephane"]
[Black "Cui, Cynthia"]
[Result "1-0"]
[WhiteElo "2052"]
[BlackElo "1692"]
[PlyCount "113"]
[EventDate "2018.07.07"]
[EventType "swiss"]
[EventRounds "9"]
[EventCountry "CAN"]

1. d4 e6 2. Nf3 Nf6 3. Bf4 Be7 4. Nbd2 b6 5. e4 Bb7 6. Bd3 d6 7. O-O O-O 8. Qe2
Nbd7 9. c4 Re8 10. h3 h6 11. Rfd1 Bf8 12. e5 Nh7 13. Bc2 d5 14. h4 Be7 15. cxd5
Bxd5 16. Bg3 Nhf8 17. Ne4 Ng6 18. h5 Ngf8 19. Nc3 Bb7 20. d5 exd5 21. Nxd5 Bxd5
22. Rxd5 Bc5 23. Ba4 Qe7 24. Bc6 Rab8 25. Qd3 Rbd8 26. Rd1 Nb8 27. Bxe8 Rxe8
28. Rd8 Nc6 29. Rxe8 Qxe8 30. a3 a5 31. Qd5 Kh8 32. Ne1 Be7 33. Rc1 Bc5 34. Nd3
Ne6 35. Nxc5 Nxc5 36. Rc4 Ne7 37. Qf3 Ne6 38. Bh4 b5 39. Rc1 Nd4 40. Qe4 Ne6
41. Bxe7 Qxe7 42. f4 Qh4 43. Rf1 c5 44. Qe1 Qxe1 45. Rxe1 Nxf4 46. Rd1 b4 47.
a4 c4 48. Kf2 Nd3+ 49. Rxd3 cxd3 50. Ke3 d2 51. Kxd2 Kg8 52. Kd3 Kf8 53. Kc4
Ke7 54. Kb5 Kd7 55. Kxa5 b3 56. Kb4 Kc6 57. Kxb3 1-0

[Event "CAN-op"]
[Site "Quebec CAN"]
[Date "2018.07.07"]
[Round "1.21"]
[White "Dube, Daniel"]
[Black "Manley, Jason"]
[Result "0-1"]
[WhiteElo "1664"]
[BlackElo "2051"]
[PlyCount "90"]
[EventDate "2018.07.07"]
[EventType "swiss"]
[EventRounds "9"]
[EventCountry "CAN"]

1. e4 e6 2. d4 d5 3. Nd2 Nf6 4. e5 Nfd7 5. Bd3 c5 6. c3 Nc6 7. Ne2 b6 8. O-O
Bb7 9. Nf3 Be7 10. Re1 h6 11. Be3 Qc7 12. Rc1 O-O-O 13. b4 c4 14. Bc2 g5 15. b5
Na5 16. Nd2 Rdg8 17. f4 gxf4 18. Bxf4 Nf8 19. Rf1 Ng6 20. Nf3 Qd8 21. Be3 Kb8
22. Qd2 Qf8 23. Ng3 Bc8 24. Nh5 Nb7 25. Rf2 Nd8 26. a4 Nh4 27. Rcf1 Nf5 28. Bf4
Kb7 29. Ra1 Bd7 30. Qc1 Rg6 31. Bd2 f6 32. exf6 Bxf6 33. Bxf5 exf5 34. Nf4 Rg4
35. Nxd5 Re4 36. Ne3 Qf7 37. Qb2 Rhe8 38. Nf1 f4 39. a5 Qd5 40. axb6 axb6 41.
Rb1 Re2 42. Rxe2 Rxe2 43. Qc1 Bh3 44. Qd1 Rxg2+ 45. Kh1 Rf2 0-1

[Event "CAN-op"]
[Site "Quebec CAN"]
[Date "2018.07.07"]
[Round "1.23"]
[White "Chang, Alexander RZ"]
[Black "Bouton, Christophe"]
[Result "1-0"]
[WhiteElo "1597"]
[BlackElo "2016"]
[PlyCount "111"]
[EventDate "2018.07.07"]
[EventType "swiss"]
[EventRounds "9"]
[EventCountry "CAN"]

1. e4 e5 2. Nf3 Nc6 3. Bc4 Nf6 4. d3 Be7 5. O-O O-O 6. Re1 d6 7. a4 Be6 8. Nbd2
Bxc4 9. Nxc4 Nd7 10. d4 Bf6 11. c3 Ne7 12. Be3 exd4 13. cxd4 Ng6 14. Qc2 Be7
15. d5 c6 16. dxc6 bxc6 17. Red1 Qc7 18. Rac1 Nf6 19. Na3 Rfd8 20. Nd4 Ng4 21.
Qxc6 Qxc6 22. Nxc6 Nxe3 23. Nxe7+ Nxe7 24. fxe3 Ng6 25. Nb5 Rab8 26. Rxd6 Rxd6
27. Nxd6 Rxb2 28. Rc8+ Nf8 29. Rc7 Rb6 30. Nc8 Rb1+ 31. Kf2 g6 32. Rxa7 Rb2+
33. Kf3 Ne6 34. h4 h5 35. Nd6 Rb1 36. a5 Nc5 37. Rc7 Ne6 38. Rc3 Ra1 39. Nc4
Ra4 40. e5 Nc5 41. Kf4 Kg7 42. e4 Ne6+ 43. Ke3 Nc5 44. g3 Kf8 45. Kd4 Nb7 46.
Kd5 Nxa5 47. Nd6 Ra1 48. e6 fxe6+ 49. Kxe6 Rf1 50. Rc8+ Kg7 51. Ne8+ Kh8 52.
Nf6+ Kg7 53. Rg8+ Kh6 54. Rh8+ Kg7 55. Rh7+ Kf8 56. Rf7# 1-0

[Event "CAN-op"]
[Site "Quebec CAN"]
[Date "2018.07.08"]
[Round "2.1"]
[White "Sambuev, Bator"]
[Black "Drolet, Stephane"]
[Result "1-0"]
[WhiteElo "2514"]
[BlackElo "2052"]
[PlyCount "133"]
[EventDate "2018.07.07"]
[EventType "swiss"]
[EventRounds "9"]
[EventCountry "CAN"]

1. Nf3 d5 2. c4 c6 3. e3 Nf6 4. d4 a6 5. Bd3 b5 6. cxd5 cxd5 7. a4 b4 8. Ne5 e6
9. Nd2 Be7 10. O-O O-O 11. a5 Bb7 12. f4 Nbd7 13. Qf3 Re8 14. g4 Nf8 15. g5
N6d7 16. Nb3 f5 17. Nxd7 Qxd7 18. Bd2 Rec8 19. Qe2 Bd6 20. Rfc1 Rxc1+ 21. Rxc1
Qa4 22. Qd1 Rc8 23. Nc5 Qxd1+ 24. Rxd1 Bxc5 25. dxc5 Rxc5 26. Bxb4 Rc8 27. Kf2
Nd7 28. Ke2 Nb8 29. Bd2 Nc6 30. Rc1 Na7 31. Rxc8+ Bxc8 32. Bc3 Kf7 33. b4 g6
34. Kd2 Ke7 35. Bd4 Nc6 36. Kc3 Kd6 37. Bc5+ Kc7 38. Be2 Kb7 39. h4 Nb8 40. h5
Bd7 41. Bd6 Nc6 42. h6 Na7 43. Kd4 Nc6+ 44. Kc5 Na7 45. Be5 Bb5 46. Bd1 Nc8 47.
Bc3 Kc7 48. Bf6 Kd7 49. Be5 Ke8 50. Kd4 Na7 51. Bg7 Ke7 52. Bf6+ Kf7 53. Kc5
Nc8 54. Bb3 Ke8 55. Be5 Kd7 56. Bd1 Ke8 57. Bd6 Kd7 58. Bb8 Ke7 59. Kd4 Kf7 60.
Bc7 Ne7 61. Bb6 Nc8 62. Bc5 Ke8 63. Ke5 Kf7 64. Bc2 Ne7 65. Bxe7 Kxe7 66. Bd1
Kf7 67. Kd6 1-0

[Event "CAN-op"]
[Site "Quebec CAN"]
[Date "2018.07.08"]
[Round "2.3"]
[White "Fedorowicz, John"]
[Black "Pare, Marc"]
[Result "1-0"]
[WhiteElo "2425"]
[BlackElo "1984"]
[PlyCount "73"]
[EventDate "2018.07.07"]
[EventType "swiss"]
[EventRounds "9"]
[EventCountry "CAN"]

1. e4 d5 2. exd5 Nf6 3. d4 Nxd5 4. Nf3 g6 5. c4 Nb6 6. Nc3 Bg7 7. c5 Nd5 8. Bc4
c6 9. O-O O-O 10. Re1 h6 11. Ne5 Kh7 12. Qb3 e6 13. Ne4 Nd7 14. Qh3 Nxe5 15.
dxe5 Rh8 16. Bd2 Kg8 17. Nd6 b6 18. Qf3 Qe7 19. b4 Bd7 20. Rab1 b5 21. Bd3 Be8
22. a4 bxa4 23. Ra1 Kh7 24. Rxa4 Rf8 25. Qg3 f5 26. exf6 Qxf6 27. h4 h5 28. Ra2
Bh6 29. Bxh6 Kxh6 30. Bc4 Bd7 31. Bxd5 exd5 32. Rae2 a5 33. Re7 Bg4 34. f3 Bf5
35. Qf4+ g5 36. hxg5+ Qxg5 37. Nxf5+ 1-0

[Event "CAN-op"]
[Site "Quebec CAN"]
[Date "2018.07.08"]
[Round "2.4"]
[White "Zhang, Henry"]
[Black "Cherniaev, Alexander"]
[Result "1/2-1/2"]
[WhiteElo "1979"]
[BlackElo "2421"]
[PlyCount "79"]
[EventDate "2018.07.07"]
[EventType "swiss"]
[EventRounds "9"]
[EventCountry "CAN"]

1. e4 c5 2. Nf3 Nc6 3. d4 cxd4 4. Nxd4 Nf6 5. Nc3 e6 6. Nxc6 bxc6 7. Bd3 e5 8.
O-O d6 9. Qe2 Be7 10. h3 O-O 11. Kh1 Be6 12. f4 exf4 13. Bxf4 Nd7 14. Nd1 Re8
15. Ne3 Bf8 16. Qd2 a5 17. b3 a4 18. Rae1 Nc5 19. Nf5 axb3 20. axb3 Ra2 21. Qc3
Qd7 22. Bxd6 Bxf5 23. Bxf8 Rxf8 24. Rxf5 Nxd3 25. Qxd3 Qxd3 26. cxd3 Rb2 27.
Rc1 Rxb3 28. Rxc6 Rxd3 29. Rc7 Re3 30. Re5 g6 31. Ree7 h5 32. h4 Rg3 33. Kh2
Rg4 34. g3 g5 35. hxg5 Rxg5 36. e5 Rg6 37. Kh3 Rd8 38. Rxf7 Rd3 39. Rfd7 Rdxg3+
40. Kh4 1/2-1/2

[Event "CAN-op"]
[Site "Quebec CAN"]
[Date "2018.07.08"]
[Round "2.5"]
[White "Richardson, Kai"]
[Black "Mulyar, Michael"]
[Result "0-1"]
[WhiteElo "1973"]
[BlackElo "2385"]
[PlyCount "66"]
[EventDate "2018.07.07"]
[EventType "swiss"]
[EventRounds "9"]
[EventCountry "CAN"]

1. d4 d5 2. c4 c6 3. Nc3 Nf6 4. Nf3 e6 5. e3 Nbd7 6. Qc2 Bd6 7. Bd3 O-O 8. O-O
dxc4 9. Bxc4 b5 10. Bd3 Bb7 11. a3 a6 12. b4 a5 13. Rb1 axb4 14. axb4 Qe7 15.
e4 e5 16. dxe5 Nxe5 17. Nxe5 Qxe5 18. g3 Qe7 19. Qb3 Rad8 20. Rd1 Bc8 21. f4
Bg4 22. Rd2 Qa7+ 23. Kg2 Qe3 24. Nd1 Qf3+ 25. Kg1 Bc7 26. Nf2 Bb6 27. Bf1 Nxe4
28. Qxf3 Bxf3 29. Rc2 Nxf2 30. Rxf2 Rd1 31. Ra1 Rfd8 32. Bb2 Rxa1 33. Bxa1 Rd2
0-1

[Event "CAN-op"]
[Site "Quebec CAN"]
[Date "2018.07.08"]
[Round "2.9"]
[White "Zhu, Brandon"]
[Black "Doknjas, John"]
[Result "0-1"]
[WhiteElo "1959"]
[BlackElo "2206"]
[PlyCount "82"]
[EventDate "2018.07.07"]
[EventType "swiss"]
[EventRounds "9"]
[EventCountry "CAN"]

1. e4 c5 2. Nf3 d6 3. d4 cxd4 4. Nxd4 Nf6 5. Nc3 a6 6. h3 e6 7. g4 Nfd7 8. g5
Be7 9. Bg2 Nc6 10. h4 O-O 11. Be3 Qc7 12. f4 b5 13. a3 Rb8 14. O-O Nxd4 15.
Bxd4 f5 16. exf5 Rxf5 17. Be4 Bb7 18. Bxf5 exf5 19. Ba7 Qc6 20. Qd5+ Qxd5 21.
Nxd5 Bxd5 22. Bxb8 Nxb8 23. a4 b4 24. c3 b3 25. a5 Bc4 26. Rfe1 Kf7 27. Ra4 d5
28. Rxe7+ Kxe7 29. Rb4 Nd7 30. h5 Nc5 31. Rb6 Bb5 32. h6 gxh6 33. Rxh6 Nd3 34.
Rxh7+ Kf8 35. Rb7 Nxf4 36. g6 Kg8 37. Kf2 Nd3+ 38. Kg3 Nxb2 39. Kh4 Nc4 40. Kg5
Nd6 41. Re7 b2 0-1

[Event "CAN-op"]
[Site "Quebec CAN"]
[Date "2018.07.08"]
[Round "2.11"]
[White "Hay, Jonathan"]
[Black "Ouellet, Maili-Jade"]
[Result "0-1"]
[WhiteElo "1772"]
[BlackElo "2197"]
[PlyCount "176"]
[EventDate "2018.07.07"]
[EventType "swiss"]
[EventRounds "9"]
[EventCountry "CAN"]

1. d4 d5 2. Bf4 Nf6 3. e3 c5 4. c3 Nc6 5. Nd2 Bf5 6. Qb3 Qc8 7. Ngf3 e6 8. Nh4
Bg6 9. h3 Be7 10. Nxg6 hxg6 11. Be2 c4 12. Qc2 b5 13. b3 Nh5 14. Bh2 f5 15.
bxc4 bxc4 16. e4 Nf6 17. exd5 exd5 18. O-O O-O 19. Nf3 Ne4 20. Ne5 Nxe5 21.
Bxe5 Qc6 22. f3 Ng5 23. Bf4 Ne6 24. Be5 Ng5 25. Bf4 Nh7 26. Be5 f4 27. Rab1 g5
28. Qb2 Bf6 29. Bxf6 Nxf6 30. Rfe1 Rfe8 31. Bf1 Rxe1 32. Rxe1 Re8 33. Rxe8+
Qxe8 34. Qe2 Qxe2 35. Bxe2 Nh5 36. Bd1 Ng3 37. Kf2 Nf5 38. Ba4 Kf7 39. Bd7 Ne3
40. Ba4 Ke6 41. g3 Nf5 42. gxf4 gxf4 43. Ke2 Ne3 44. Be8 Nf5 45. Bg6 Nd6 46.
Kd2 Kf6 47. Bh7 Nc8 48. Bc2 Ne7 49. Ke2 Ng8 50. Ba4 Nh6 51. Bc2 Nf7 52. Kf2 Nd6
53. Ke2 Kg5 54. Ba4 Nf5 55. Bd7 Ne3 56. Be6 Kf6 57. Bd7 Ke7 58. Ba4 Kd6 59. Be8
Kc7 60. Kd2 Kb6 61. Ba4 Nf5 62. Bd7 Nd6 63. Ba4 a6 64. Bd7 Kc7 65. Ba4 Nf7 66.
h4 Nd6 67. Bc2 Kd7 68. Ke2 Ke6 69. a4 Nf5 70. a5 Nxh4 71. Ba4 Kd6 72. Bc2 Ng2
73. Kd2 Ne3 74. Bg6 Ng2 75. Bc2 Nh4 76. Ke2 g6 77. Kf2 Nf5 78. Ke2 Ne7 79. Ba4
Nc6 80. Bc2 g5 81. Kf2 Nxa5 82. Bf5 Nc6 83. Kg2 Ke7 84. Kh3 Kf6 85. Bd7 Ne7 86.
Kg4 a5 87. Be8 Nc8 88. Bc6 Nb6 0-1

[Event "CAN-op"]
[Site "Quebec CAN"]
[Date "2018.07.08"]
[Round "2.12"]
[White "Tomb, Maroun"]
[Black "Chang, Alexander RZ"]
[Result "1-0"]
[WhiteElo "2152"]
[BlackElo "1597"]
[PlyCount "47"]
[EventDate "2018.07.07"]
[EventType "swiss"]
[EventRounds "9"]
[EventCountry "CAN"]

1. e4 e5 2. Nf3 Nc6 3. Bb5 a6 4. Ba4 Nf6 5. d4 exd4 6. O-O Be7 7. e5 Ne4 8.
Nxd4 Nc5 9. Nf5 O-O 10. Qg4 g6 11. Bxc6 dxc6 12. Nxe7+ Qxe7 13. Qg3 Re8 14. Re1
Bf5 15. Nc3 Bxc2 16. Bg5 Qf8 17. Qh4 Ne6 18. Bf6 Ng7 19. Rac1 Bf5 20. g4 Be6
21. Ne4 Bd5 22. Be7 Qxe7 23. Nf6+ Kf8 24. Nxh7+ 1-0

[Event "CAN-op"]
[Site "Quebec CAN"]
[Date "2018.07.08"]
[Round "2.13"]
[White "Tinica, Gabriel"]
[Black "Dukic, Zachary"]
[Result "0-1"]
[WhiteElo "1658"]
[BlackElo "2118"]
[PlyCount "88"]
[EventDate "2018.07.07"]
[EventType "swiss"]
[EventRounds "9"]
[EventCountry "CAN"]

1. d4 Nf6 2. Bf4 g6 3. Nc3 d5 4. e3 Bg7 5. Be2 a6 6. h4 h5 7. Qd2 c5 8. f3 Nc6
9. Bg3 O-O 10. Bf2 Qa5 11. Nh3 Rd8 12. Nf4 e5 13. dxe5 Nxe5 14. O-O-O d4 15.
exd4 cxd4 16. Bxd4 Nc6 17. Qe3 Nxd4 18. Rxd4 Rxd4 19. Qxd4 Bf5 20. Qa4 Qxa4 21.
Nxa4 Bh6 22. g3 Nd5 23. Nc5 Nxf4 24. gxf4 Bxf4+ 25. Kd1 Rd8+ 26. Nd3 Bg3 27. b3
Rd4 28. Kd2 Bxh4 29. Ke3 Bf6 30. c3 Rd8 31. c4 Kg7 32. Nb4 Bd4+ 33. Kd2 h4 34.
Nd5 Rh8 35. Bd3 Bd7 36. f4 h3 37. Be4 h2 38. Kd3 Bg1 39. Nc3 Rh3+ 40. Kd2 Be3+
41. Ke1 Bxf4 42. Nd1 Bc6 43. Bxc6 bxc6 44. Nf2 Rc3 0-1

[Event "CAN-op"]
[Site "Quebec CAN"]
[Date "2018.07.08"]
[Round "2.14"]
[White "Tremblay, Rejean"]
[Black "Itkin, David"]
[Result "0-1"]
[WhiteElo "2196"]
[BlackElo "2139"]
[PlyCount "70"]
[EventDate "2018.07.07"]
[EventType "swiss"]
[EventRounds "9"]
[EventCountry "CAN"]

1. d4 Nf6 2. c4 g6 3. Nc3 Bg7 4. e4 d6 5. Be2 O-O 6. Nf3 c5 7. O-O Re8 8. Re1
Bg4 9. dxc5 dxc5 10. Qxd8 Rxd8 11. e5 Nfd7 12. h3 Be6 13. Nb5 Nc6 14. Nc7 Rac8
15. Nxe6 fxe6 16. Ng5 Nd4 17. Bg4 Nf8 18. Bd1 h6 19. Nf3 Nd7 20. Bf4 Nb8 21. b3
Nbc6 22. h4 Nb4 23. Nxd4 Rxd4 24. Be3 Rxh4 25. f4 Nd3 26. Rf1 g5 27. g3 Rh3 28.
Kg2 gxf4 29. Kxh3 fxe3 30. Bg4 Bxe5 31. Rad1 Rd8 32. Bxe6+ Kg7 33. Bg4 Nf2+ 34.
Rxf2 exf2 35. Rxd8 f1=Q+ 0-1

[Event "CAN-op"]
[Site "Quebec CAN"]
[Date "2018.07.08"]
[Round "2.15"]
[White "Li, Eric M"]
[Black "Forget, Luc"]
[Result "1-0"]
[WhiteElo "1880"]
[BlackElo "1889"]
[PlyCount "75"]
[EventDate "2018.07.07"]
[EventType "swiss"]
[EventRounds "9"]
[EventCountry "CAN"]

1. d4 Nf6 2. Bf4 c5 3. e3 d5 4. c3 Nc6 5. Nd2 e6 6. Ngf3 Bd6 7. Bg3 O-O 8. Bd3
b6 9. Ne5 Bxe5 10. dxe5 Nd7 11. f4 f5 12. exf6 Nxf6 13. O-O Qe7 14. e4 c4 15.
Bc2 d4 16. cxd4 Nxd4 17. Kh1 Bb7 18. Bh4 Qb4 19. Bxf6 Rxf6 20. e5 Nxc2 21. Qxc2
Rg6 22. Rf2 b5 23. Ne4 Bxe4 24. Qxe4 Rd8 25. Raf1 Qc5 26. h3 Qd5 27. Qe3 Rd7
28. Qe2 Rg3 29. Kh2 Rd3 30. f5 exf5 31. Rxf5 g6 32. Rf8+ Kg7 33. e6 Rd2 34. Qg4
Qe5+ 35. Kh1 R7d4 36. Qf3 Qxe6 37. Rf7+ Kh6 38. Rxa7 1-0

[Event "CAN-op"]
[Site "Quebec CAN"]
[Date "2018.07.08"]
[Round "2.17"]
[White "James, Rowan"]
[Black "Zhao, Jim"]
[Result "1/2-1/2"]
[WhiteElo "1823"]
[BlackElo "2169"]
[PlyCount "64"]
[EventDate "2018.07.07"]
[EventType "swiss"]
[EventRounds "9"]
[EventCountry "CAN"]

1. e4 c5 2. Nf3 a6 3. d3 b5 4. g3 Bb7 5. Bg2 d6 6. O-O Nf6 7. Nbd2 g6 8. Re1
Nbd7 9. c3 Bg7 10. d4 O-O 11. b3 e5 12. Bb2 cxd4 13. cxd4 exd4 14. Bxd4 Re8 15.
e5 dxe5 16. Nxe5 Bxg2 17. Kxg2 Nxe5 18. Bxe5 Rxe5 19. Rxe5 Ng4 20. Qxg4 Bxe5
21. Rd1 Qd5+ 22. Ne4 Qc6 23. Qf3 Re8 24. Rd6 Qc8 25. Nf6+ Bxf6 26. Rxf6 Re7 27.
Qc6 Qg4 28. Qa8+ Kg7 29. Rxa6 Re1 30. Qc6 Qe2 31. Qf6+ Kh6 32. Qh4+ Kg7 1/2-1/2

[Event "CAN-op"]
[Site "Quebec CAN"]
[Date "2018.07.08"]
[Round "2.18"]
[White "Tanaka, Tyler"]
[Black "Acosta, Mariano"]
[Result "1-0"]
[WhiteElo "2054"]
[BlackElo "1802"]
[PlyCount "75"]
[EventDate "2018.07.07"]
[EventType "swiss"]
[EventRounds "9"]
[EventCountry "CAN"]

1. e4 d6 2. d4 Nf6 3. Nc3 g6 4. Nf3 Bg7 5. Be2 O-O 6. h3 b6 7. O-O c5 8. d5 a6
9. a4 e6 10. Bd3 e5 11. Rb1 Nbd7 12. Nd2 Rb8 13. Qe2 Ra8 14. Nc4 Ne8 15. b4 Rb8
16. bxc5 Nxc5 17. Be3 Bd7 18. Bxc5 dxc5 19. Na3 Qg5 20. Qe3 Qxe3 21. fxe3 Bh6
22. Rf3 f5 23. Bxa6 Nd6 24. Rbf1 fxe4 25. Rxf8+ Rxf8 26. Rxf8+ Kxf8 27. Kf2 Ke7
28. Nc4 Bg7 29. Nxb6 h5 30. Nc4 h4 31. a5 Bf5 32. Na4 Bf6 33. Nxc5 Nxc4 34.
Bxc4 Kd6 35. a6 Kxc5 36. a7 Kxc4 37. a8=Q Kc3 38. Qc6+ 1-0

[Event "CAN-op"]
[Site "Quebec CAN"]
[Date "2018.07.08"]
[Round "2.20"]
[White "Bouton, Christophe"]
[Black "Mercure, Gilbert"]
[Result "1-0"]
[WhiteElo "2016"]
[BlackElo "1760"]
[PlyCount "105"]
[EventDate "2018.07.07"]
[EventType "swiss"]
[EventRounds "9"]
[EventCountry "CAN"]

1. c4 Nc6 2. g3 e5 3. Nc3 Nf6 4. Bg2 Bb4 5. Nf3 d6 6. O-O Bxc3 7. bxc3 Be6 8.
d3 h6 9. Rb1 b6 10. Nd4 Nxd4 11. cxd4 exd4 12. Bc6+ Nd7 13. Bb2 Rb8 14. Bxd4
O-O 15. Bg2 Nc5 16. f4 Qd7 17. e4 Bg4 18. Qc2 Qa4 19. Qxa4 Nxa4 20. Rf2 Bd7 21.
e5 b5 22. exd6 c5 23. Be3 Rfe8 24. Bd2 bxc4 25. Rxb8 Rxb8 26. dxc4 Rb1+ 27. Rf1
Rb6 28. Be3 Rxd6 29. Rb1 Be6 30. Rb8+ Kh7 31. Be4+ g6 32. Bc2 Rb6 33. Rxb6 Nxb6
34. Bxc5 Bxc4 35. a3 Nc8 36. Kf2 f5 37. Ke3 Kg7 38. Kd4 Ba6 39. Ke5 Nb6 40.
Bxb6 axb6 41. Kd6 Bb7 42. Kc7 Be4 43. Ba4 g5 44. Kxb6 gxf4 45. gxf4 Kf6 46. Kc7
Ke6 47. Bb3+ Ke7 48. Bc4 Bc2 49. Bd5 Ba4 50. Bc6 Bc2 51. a4 Be4 52. a5 Bd3 53.
Bb7 1-0

[Event "CAN-op"]
[Site "Quebec CAN"]
[Date "2018.07.08"]
[Round "2.21"]
[White "Bluteau, Yvon"]
[Black "Zhao, Ian"]
[Result "0-1"]
[WhiteElo "1758"]
[BlackElo "1951"]
[PlyCount "42"]
[EventDate "2018.07.07"]
[EventType "swiss"]
[EventRounds "9"]
[EventCountry "CAN"]

1. Nf3 Nf6 2. b3 e6 3. Bb2 d5 4. e3 Be7 5. c4 O-O 6. Be2 c5 7. O-O Nc6 8. d4 b6
9. Nbd2 Bb7 10. Rc1 cxd4 11. Nxd4 Rc8 12. a3 Nxd4 13. exd4 Bd6 14. Bf3 Qe7 15.
b4 dxc4 16. Bxb7 Qxb7 17. Nxc4 Bf4 18. Rc2 Qe4 19. Re2 Bxh2+ 20. Kxh2 Qh4+ 21.
Kg1 Ng4 0-1

[Event "CAN-op"]
[Site "Quebec CAN"]
[Date "2018.07.08"]
[Round "2.22"]
[White "Saha, Ananda"]
[Black "Dube, Daniel"]
[Result "1-0"]
[WhiteElo "1950"]
[BlackElo "1664"]
[PlyCount "51"]
[EventDate "2018.07.07"]
[EventType "swiss"]
[EventRounds "9"]
[EventCountry "CAN"]

1. d4 d6 2. Nf3 Nf6 3. c4 g6 4. Nc3 Bg7 5. Bg5 Nbd7 6. e3 O-O 7. Be2 c6 8. O-O
h6 9. Bh4 g5 10. Bg3 Nh5 11. Qc2 Nxg3 12. hxg3 e6 13. Rfd1 d5 14. Bd3 f5 15.
cxd5 exd5 16. Bxf5 Qf6 17. g4 h5 18. e4 hxg4 19. Bxg4 dxe4 20. Nxe4 Qf4 21.
Be6+ Kh8 22. Nexg5 Nf6 23. g3 Qc7 24. Kg2 Bh6 25. Rh1 Kg7 26. Ne5 1-0

[Event "CAN-op"]
[Site "Quebec CAN"]
[Date "2018.07.07"]
[Round "2.23"]
[White "Cui, Cynthia"]
[Black "Boshoff, Thomas"]
[Result "1-0"]
[WhiteElo "1692"]
[BlackElo "1939"]
[PlyCount "126"]
[EventDate "2018.07.07"]
[EventType "swiss"]
[EventRounds "9"]
[EventCountry "CAN"]

1. c4 e5 2. g3 f5 3. Bg2 Nf6 4. Nc3 Nc6 5. d3 Bc5 6. Nf3 d6 7. O-O O-O 8. a3 a5
9. Rb1 Bd7 10. e3 Ba7 11. b4 axb4 12. axb4 Ne7 13. b5 Qc8 14. Qb3 Ng6 15. Ng5
h6 16. c5+ Kh8 17. c6 bxc6 18. bxc6 Be8 19. Nh3 Qa6 20. Qb7 Bb6 21. Bb2 Ra7 22.
Ra1 Ba5 23. Qxa6 Rxa6 24. Nb5 Bxc6 25. Bxc6 Rxc6 26. Rxa5 Rb8 27. Ba3 Rc2 28.
Rc1 Ra2 29. Nxc7 Rb3 30. Ra8+ Kh7 31. Bxd6 Rxa8 32. Nxa8 Rxd3 33. Bc7 Nd5 34.
Nb6 Nc3 35. Kg2 Nd1 36. Nc4 e4 37. Ne5 Rd2 38. Nxg6 Kxg6 39. Bb6 Kf7 40. Bd4 g5
41. Kf1 g4 42. Ke1 Ra2 43. Rxd1 gxh3 44. Bc3 Rc2 45. Bd2 Kg6 46. Ke2 Kg5 47. f3
h5 48. fxe4 fxe4 49. Rf1 Rb2 50. Rf4 Rb1 51. Rh4 Rg1 52. Rxh3 Rg2+ 53. Ke1 Kg4
54. Rh4+ Kg5 55. Kd1 Rf2 56. Be1 Rg2 57. h3 Rh2 58. Rxe4 Rxh3 59. Ke2 Rh2+ 60.
Kf3 Ra2 61. Re5+ Kg6 62. Ba5 Ra4 63. Bd8 Ra8 {...} 1-0

[Event "CAN-op"]
[Site "Quebec CAN"]
[Date "2018.07.08"]
[Round "3.1"]
[White "Doknjas, John"]
[Black "Sambuev, Bator"]
[Result "0-1"]
[WhiteElo "2206"]
[BlackElo "2514"]
[PlyCount "64"]
[EventDate "2018.07.07"]
[EventType "swiss"]
[EventRounds "9"]
[EventCountry "CAN"]

1. d4 e6 2. c4 Bb4+ 3. Bd2 a5 4. e4 d6 5. Nc3 e5 6. a3 Bxc3 7. Bxc3 Nf6 8. Bd3
exd4 9. Bxd4 Nc6 10. Bc3 O-O 11. Ne2 Ne5 12. O-O Re8 13. Ng3 Nfg4 14. h3 Nxd3
15. Qxd3 Ne5 16. Qe2 Qh4 17. Be1 Be6 18. b3 Ng6 19. f4 Nxf4 20. Qf3 Ng6 21. Nf5
Qd8 22. Qg3 Bxf5 23. exf5 Ne5 24. f6 g6 25. Qh4 Re6 26. Bd2 Nd7 27. Bg5 Nc5 28.
Rae1 Re5 29. Bf4 Rh5 30. Qxh5 gxh5 31. Bh6 Nd7 32. Re3 Nf8 0-1

[Event "CAN-op"]
[Site "Quebec CAN"]
[Date "2018.07.08"]
[Round "3.2"]
[White "Ouellet, Maili-Jade"]
[Black "Fedorowicz, John"]
[Result "1/2-1/2"]
[WhiteElo "2197"]
[BlackElo "2425"]
[PlyCount "24"]
[EventDate "2018.07.07"]
[EventType "swiss"]
[EventRounds "9"]
[EventCountry "CAN"]

1. d4 d5 2. c4 e6 3. Nc3 Be7 4. Nf3 Nf6 5. cxd5 exd5 6. Bg5 c6 7. Qc2 g6 8. e3
Bf5 9. Bd3 Bxd3 10. Qxd3 O-O 11. O-O Nbd7 12. Rab1 a5 1/2-1/2